<?xml version="1.0" encoding="UTF-8"?>
<collection xmlns="http://www.loc.gov/MARC21/slim">
 <record>
  <leader>01426nam a2200205Ia 4500</leader>
  <controlfield tag="001">TDMU_7554</controlfield>
  <controlfield tag="008">210410s9999    xx            000 0 und d</controlfield>
  <datafield tag="082" ind1=" " ind2=" ">
   <subfield code="a">576.5</subfield>
  </datafield>
  <datafield tag="090" ind1=" " ind2=" ">
   <subfield code="b">PH112</subfield>
  </datafield>
  <datafield tag="100" ind1=" " ind2=" ">
   <subfield code="a">PhaÌ£m, ThaÌ€nh HôÌ‰</subfield>
  </datafield>
  <datafield tag="245" ind1=" " ind2="0">
   <subfield code="a">Di truyêÌ€n hoÌ£c</subfield>
  </datafield>
  <datafield tag="245" ind1=" " ind2="0">
   <subfield code="c">PhaÌ£m ThaÌ€nh HôÌ‰</subfield>
  </datafield>
  <datafield tag="260" ind1=" " ind2=" ">
   <subfield code="a">H.</subfield>
  </datafield>
  <datafield tag="260" ind1=" " ind2=" ">
   <subfield code="b">GiaÌo duÌ£c ViêÌ£t Nam</subfield>
  </datafield>
  <datafield tag="260" ind1=" " ind2=" ">
   <subfield code="c">2010</subfield>
  </datafield>
  <datafield tag="300" ind1=" " ind2=" ">
   <subfield code="a">619tr.</subfield>
  </datafield>
  <datafield tag="520" ind1=" " ind2=" ">
   <subfield code="a">TriÌ€nh baÌ€y hêÌ£ thôÌng kiêÌn thưÌc cơ baÌ‰n cuÌ‰a ngaÌ€nh di truyêÌ€n hoÌ£c vơÌi tiÌnh châÌt kinh điêÌ‰n vaÌ€ caÌc quan điêÌ‰m hiêÌ£n đaÌ£i, caÌc kyÌƒ thuâÌ£t mơÌi, nhiêÌ€u thaÌ€nh tưÌ£u gâÌ€n đây giuÌp ngươÌ€i hoÌ£c coÌ caÌi nhiÌ€n đuÌng đăÌn đêÌ‰ coÌ phương phaÌp luâÌ£n vaÌ€ điÌ£nh hươÌng tôÌt vêÌ€ môn hoÌ£c đôÌ€ng thơÌ€i câÌ£p nhâÌ£t xu hươÌng phaÌt triêÌ‰n chuÌ‰ yêÌu cuÌ‰a ngaÌ€nh trong điêÌ€u kiêÌ£n hiêÌ£n nay</subfield>
  </datafield>
  <datafield tag="650" ind1=" " ind2=" ">
   <subfield code="a">Sinh hoÌ£c; Di truyêÌ€n; Di truyêÌ€n hoÌ£c; Di truyêÌ€n hoÌ£c</subfield>
  </datafield>
  <datafield tag="856" ind1=" " ind2=" ">
   <subfield code="u">http://lrc.tdmu.edu.vn/opac/search/detail.asp?aID=2&amp;ID=7554</subfield>
  </datafield>
  <datafield tag="980" ind1=" " ind2=" ">
   <subfield code="a">Trung tâm Học liệu Trường Đại học Thủ Dầu Một</subfield>
  </datafield>
 </record>
</collection>
